000 00683nam a2200133Ia 4500
008 171212s9999 xx 000 0 und d
020 _a9781925021783
100 _aYardley, Christopher B.
245 _cYardley, Christopher B.
_aThe Representation of Science and Scientists on Postage Stamps
_bA science communication study
260 _bANU E Press
_c2015
650 _aGeneral Science
650 _aScience on postage stamps; Scientists -- On postage stamps; Postage stamps as propaganda; Postage stamps -- Social aspects; Postage stamps -- Political aspects; Postage stamp design -- History; Visualization; Political geography
856 _uhttp://www.jstor.org/stable/j.ctt15hvqxp
999 _c351384
_d351384